RECLUTAMIENTO, SELECCIÓN (Registro nro. 12042)
[ vista simple ]
| 000 -LÍDER | |
|---|---|
| fixed length control field | 00426nam a22001697a 4500 |
| 005 - FECHA DE ÚLTIMA TRANSACCION | |
| control field | 20190611115334.0 |
| 008 - ELEMENTOS DE DATOS - INFORMACIÓN GENERAL | |
| fixed length control field | 190611b xxu||||| |||| 00| 0 spa d |
| 020 ## - Serie o Tipo documental | |
| Serie o Tipo documental | CHACON GUZMAN JUAN |
| 041 ## - CÉDULA / CARNÉ | |
| Cédula / Carné | 1-1407-0762 |
| 082 ## - NUMERACIÓN | |
| Número de Transferencia | 06-16 |
| Número de Orden | 21 |
| Número de Caja | 819 |
| Número de Fila | 4 |
| Número de Estante | 10 |
| 100 ## - Cédula / Carné | |
| Fecha Extrema | 2011-2014 |
| 245 ## - FUNCIONES DE LA UNIDAD | |
| Funciones de la unidad | RECLUTAMIENTO, SELECCIÓN |
| 250 ## - CANTIDAD EN METROS | |
| Cantidad en Metros | 1.02 |
| 505 ## - NOTAS DE CONTENIDO | |
| Formatted contents note | EXPEDIENTE PERSONAL |
| 650 ## - CONTENIDO | |
| Contenido | CONFIDENCIAL |
| 942 ## - AÑADIDO ENTRADA ELEMENTOS ( Koha ) | |
| Koha tipo de ítem | Archivo |
| Retirado | Estado | Estado físico | Not for loan | Total Checkouts | Clasificación | Número de inscripción | Date last seen | Copy number | Price effective from | Tipo de ítem |
|---|---|---|---|---|---|---|---|---|---|---|
| MARICEL AGUIRRE CHINCHILLA | PAPEL | 11/06/2019 | 1B | 11/06/2019 | Archivo |